000
00392nam a2200145Ia 4500
008
100122s9999 xx 000 0 und d
082
_b
19743
_a
827
100
_a
हुमणे राजाराम
245
_a
छबिना
260
_b
परचुरे प्रक ाशन
_c
1973
300
_a
111
630
_a
छबिना
730
_a
छबिना
942
_c
BOOK
999
_c
408695
_d
408692